[Event "Titled Tuesday intern op 18th Jul Late"]
[Site "Chess.com INT"]
[Date "2023.07.18"]
[Round "4"]
[White "David, Bogdan Emanuel"]
[Black "Bornholdt, Joa Max"]
[Result "0-1"]
[WhiteElo "2143"]
[BlackElo "2265"]
[PlyCount "70"]
[EventDate "2023.07.18"]
[EventType "swiss (blitz)"]
[EventRounds "11"]
[EventCountry "USA"]
[SourceTitle "EXT 2024"]
[Source "ChessBase"]
[SourceDate "2023.10.10"]
[SourceVersion "1"]
[SourceVersionDate "2023.10.10"]
[SourceQuality "1"]

1. e4 e5 2. Nc3 Nf6 3. f4 d5 4. fxe5 Nxe4 5. d3 Nxc3 6. bxc3 d4 7. Nf3 Nc6 8. Be2 Bc5 9. 0-0 dxc3+ 10. Kh1 0-0 11. Qe1 Bg4 12. Qg3 Bxf3 13. Bxf3 Re8 14. Re1 Nd4 15. Bg5 Be7 16. Bh6 Nf5 17. Qf4 Nxh6 18. Bxb7 Rb8 19. Bc6 Rf8 20. Qc4 Rb6 21. Rf1 Qc8 22. Rf4 Rb4 23. Qxb4 Bxb4 24. Rxb4 Qe6 25. Rc4 Qxe5 26. Rf1 g6 27. g4 Kg7 28. Bg2 f5 29. d4 Qd6 30. Rc6 Qxd4 31. Rxc7+ Rf7 32. Rc8 Nxg4 33. Ba8 Qd2 34. Bg2 Qxc2 35. Rf3 Re7 0-1

[Event "Titled Tuesday intern op 18th Jul Late"]
[Site "Chess.com INT"]
[Date "2023.07.18"]
[Round "7"]
[White "David, Bogdan Emanuel"]
[Black "Yoo, Christopher Woojin"]
[Result "0-1"]
[WhiteElo "2143"]
[BlackElo "2606"]
[PlyCount "66"]
[EventDate "2023.07.18"]
[EventType "swiss (blitz)"]
[EventRounds "11"]
[EventCountry "USA"]
[SourceTitle "EXT 2024"]
[Source "ChessBase"]
[SourceDate "2023.10.10"]
[SourceVersion "1"]
[SourceVersionDate "2023.10.10"]
[SourceQuality "1"]

1. e4 e6 2. Qe2 d5 3. exd5 Nf6 4. dxe6 Bxe6 5. Nf3 Nc6 6. c3 Be7 7. d4 0-0 8. Be3 Nd5 9. Nbd2 Re8 10. Qb5 a6 11. Qa4 Nxe3 12. fxe3 Bh4+ 13. g3 Bd5 14. gxh4 Rxe3+ 15. Kf2 Bxf3 16. Nxf3 Rxf3+ 17. Kxf3 Qd5+ 18. Kg3 Qxh1 19. Re1 Qg1+ 20. Kf3 Qxh2 21. Qb3 Rf8 22. Bg2 Qxh4 23. Qxb7 Qxe1 24. Qxc6 Qd1+ 25. Kg3 Qe1+ 26. Kf3 Re8 27. Kg4 g6 28. Qxc7 Re3 29. Bf3 h5+ 30. Kf4 g5+ 31. Kxg5 Rxf3 32. Qd8+ Kh7 33. Kxh5 Qe6 0-1

[Event "Titled Tuesday intern op 04th Jul Early"]
[Site "Chess.com INT"]
[Date "2023.07.04"]
[Round "9"]
[White "David, Bogdan Emanuel"]
[Black "Cardozo Munar, Carlos Eduardo"]
[Result "1-0"]
[WhiteElo "2143"]
[BlackElo "2043"]
[PlyCount "163"]
[EventDate "2023.07.04"]
[EventType "swiss (blitz)"]
[EventRounds "11"]
[EventCountry "USA"]
[SourceTitle "EXT 2024"]
[Source "ChessBase"]
[SourceDate "2023.10.10"]
[SourceVersion "1"]
[SourceVersionDate "2023.10.10"]
[SourceQuality "1"]

1. e4 e5 2. Nc3 Nf6 3. f4 d6 4. Bc4 Nc6 5. d3 a6 6. Nf3 Bg4 7. h3 Bxf3 8. Qxf3 exf4 9. Bxf4 Qd7 10. 0-0 0-0-0 11. Qf2 Be7 12. a3 h6 13. Bxf7 g5 14. Be3 Rdf8 15. Bg6 Nxe4 16. Qe2 Ng3 17. Rxf8+ Rxf8 18. Qd2 Ne5 19. Be4 g4 20. Bf4 Nxe4 21. dxe4 gxh3 22. Bxe5 dxe5 23. Qxd7+ Kxd7 24. gxh3 Bc5+ 25. Kh1 Rf2 26. Rd1+ Ke6 27. Nd5 c6 28. b4 Ba7 29. Nc7+ Ke7 30. c4 Bd4 31. Rg1 Rf7 32. Rg6 Kd7 33. Ne6 Re7 34. Ng7 Rf7 35. Nf5 h5 36. Kg2 Kc7 37. Rh6 Bb2 38. a4 Rd7 39. Rxh5 Rd2+ 40. Kf3 Rc2 41. Rh7+ Kb8 42. Nd6 b5 43. axb5 axb5 44. cxb5 cxb5 45. Rb7+ Ka8 46. Rxb5 Rc3+ 47. Kg4 Rd3 48. Nc4 Bc3 49. Nxe5 Rd4 50. Nc6 Rxe4+ 51. Kf3 Re8 52. h4 Rh8 53. h5 Bd2 54. Kg4 Rc8 55. Rc5 Bxb4 56. Rc2 Bf8 57. Kg5 Rc7 58. Kg6 Kb7 59. Nd8+ Kc8 60. Rxc7+ Kxc7 61. Ne6+ Kd7 62. Nxf8+ Ke8 63. Kg7 Ke7 64. h6 Kd6 65. h7 Ke5 66. h8Q Kd6 67. Qh6+ Ke5 68. Qe6+ Kd4 69. Qf5 Ke3 70. Qg4 Kd3 71. Qf4 Kc3 72. Qe4 Kd2 73. Qf3 Kc2 74. Qe3 Kb2 75. Qd3 Ka2 76. Qc3 Kb1 77. Qd2 Ka1 78. Kf6 Kb1 79. Ke5 Ka1 80. Kd4 Kb1 81. Kc3 Ka1 82. Qb2# 1-0

[Event "Titled Tuesday intern op 04th Jul Early"]
[Site "Chess.com INT"]
[Date "2023.07.04"]
[Round "8"]
[White "Fernandez Siles, Luis"]
[Black "David, Bogdan Emanuel"]
[Result "0-1"]
[WhiteElo "2218"]
[BlackElo "2143"]
[PlyCount "82"]
[EventDate "2023.07.04"]
[EventType "swiss (blitz)"]
[EventRounds "11"]
[EventCountry "USA"]
[SourceTitle "EXT 2024"]
[Source "ChessBase"]
[SourceDate "2023.10.10"]
[SourceVersion "1"]
[SourceVersionDate "2023.10.10"]
[SourceQuality "1"]

1. e4 c5 2. Nf3 Nc6 3. d4 cxd4 4. Nxd4 e5 5. Nb5 d6 6. N1c3 a6 7. Na3 b5 8. Nd5 Nge7 9. c4 Nxd5 10. cxd5 Nd4 11. Be3 Be7 12. Nc2 Nxc2+ 13. Qxc2 0-0 14. Bd3 Qa5+ 15. Bd2 Qb6 16. Be3 Qa5+ 17. Bd2 Qd8 18. 0-0 Bd7 19. a4 bxa4 20. Bb4 Qb6 21. Qd2 Rfb8 22. Ba3 Qd4 23. Qe2 Bb5 24. Rfd1 Qb6 25. Rac1 Bg5 26. Rc2 Rc8 27. g3 Bh6 28. Kg2 g6 29. h4 Bd7 30. Rxc8+ Bxc8 31. h5 Bd7 32. hxg6 hxg6 33. Rh1 Bg7 34. Rc1 f5 35. exf5 gxf5 36. Rh1 e4 37. Bb1 Qd4 38. Bxd6 Qxd5 39. Ba3 Bb5 40. Qh5 e3+ 41. Kh3 Qxh1# 0-1

[Event "Titled Tuesday intern op 27th Jun Late"]
[Site "Chess.com INT"]
[Date "2023.06.27"]
[Round "4"]
[White "David, Bogdan Emanuel"]
[Black "Prydun, Andriy"]
[Result "1/2-1/2"]
[WhiteElo "2143"]
[BlackElo "2134"]
[PlyCount "115"]
[EventDate "2023.06.27"]
[EventType "swiss (blitz)"]
[EventRounds "11"]
[EventCountry "USA"]
[SourceTitle "EXT 2024"]
[Source "ChessBase"]
[SourceDate "2023.10.10"]
[SourceVersion "1"]
[SourceVersionDate "2023.10.10"]
[SourceQuality "1"]

1. e4 c5 2. Nc3 d6 3. f4 g6 4. Nf3 Bg7 5. Bb5+ Bd7 6. Bc4 Nc6 7. 0-0 e6 8. d3 Nge7 9. Qe1 0-0 10. f5 exf5 11. Bg5 h6 12. Bf4 g5 13. Bxd6 f4 14. Bxc5 Re8 15. h4 Ng6 16. hxg5 hxg5 17. Ba3 g4 18. Nd2 Nce5 19. Bb3 Qg5 20. Nd5 g3 21. Rf3 Qh5 22. Kf1 Nxf3 23. Nxf3 Bh3 24. Qe2 Bg4 25. Ke1 Qh1+ 26. Qf1 Qh5 27. Nc7 Bxf3 28. Qxf3 Qxf3 29. gxf3 Nh4 30. Nxa8 Nxf3+ 31. Ke2 Nd4+ 32. Kf1 Rxa8 33. Bd5 Rc8 34. c3 Nc2 35. Rc1 Nxa3 36. bxa3 Rxc3 37. Rxc3 Bxc3 38. Bxb7 f3 39. e5 f2 40. Kg2 Bxe5 41. Bf3 Kf8 42. Bd5 Ke7 43. a4 f6 44. Be4 Kd6 45. Bf3 Kc5 46. Be2 Kb4 47. d4 Bxd4 48. Kxg3 Kxa4 49. Kg2 Ka3 50. Bc4 Kb2 51. Kf1 Kc2 52. Bg8 Kd2 53. Bf7 f5 54. Bg8 Ke3 55. Bf7 Kf4 56. Bg8 Kg3 57. Bf7 Kf4 58. Bg8 1/2-1/2

[Event "Titled Tuesday intern op 27th Jun Late"]
[Site "Chess.com INT"]
[Date "2023.06.27"]
[Round "6"]
[White "Romero Ruscalleda, Josep"]
[Black "David, Bogdan Emanuel"]
[Result "0-1"]
[WhiteElo "2160"]
[BlackElo "2143"]
[PlyCount "86"]
[EventDate "2023.06.27"]
[EventType "swiss (blitz)"]
[EventRounds "11"]
[EventCountry "USA"]
[SourceTitle "EXT 2024"]
[Source "ChessBase"]
[SourceDate "2023.10.10"]
[SourceVersion "1"]
[SourceVersionDate "2023.10.10"]
[SourceQuality "1"]

1. e4 c5 2. c3 d5 3. exd5 Qxd5 4. Nf3 Nc6 5. Na3 a6 6. Bc4 Qe4+ 7. Qe2 Qxe2+ 8. Kxe2 Nf6 9. Re1 b5 10. Bb3 Bb7 11. Kf1 e6 12. Bc2 Bd6 13. Nb1 0-0-0 14. a4 Kc7 15. axb5 axb5 16. Na3 Kb6 17. Bd3 c4 18. Be2 Bc5 19. b4 Be7 20. Nc2 Rd5 21. Ncd4 Nxd4 22. Nxd4 e5 23. Nf5 Bd8 24. d3 cxd3 25. Be3+ Kc7 26. Bf3 e4 27. Bf4+ Kd7 28. Ra7 exf3 29. Rxb7+ Kc6 30. Rxf7 fxg2+ 31. Kxg2 Rxf5 32. Re6+ Kd5 33. Rd6+ Kc4 34. Be3 Kxc3 35. Rc6+ Kxb4 36. Ra7 Rd5 37. Bd2+ Kb3 38. Rc3+ Kb2 39. Raa3 Be7 40. Rab3+ Ka2 41. Bc1 d2 42. Rb2+ Ka1 43. Bxd2 Kxb2 0-1

[Event "Titled Tuesday intern op 30th Aug Early"]
[Site "Chess.com INT"]
[Date "2022.08.30"]
[Round "9"]
[White "David, Bogdan Emanuel"]
[Black "Schekachikhin, Maksim"]
[Result "0-1"]
[WhiteElo "2106"]
[BlackElo "2376"]
[PlyCount "122"]
[EventDate "2022.08.30"]
[EventType "swiss (blitz)"]
[EventRounds "11"]
[EventCountry "USA"]
[SourceTitle "EXT 2023"]
[Source "ChessBase"]
[SourceDate "2022.10.05"]
[SourceVersion "1"]
[SourceVersionDate "2022.10.05"]
[SourceQuality "1"]

1. e4 c5 2. Nc3 a6 3. g3 b5 4. Bg2 Bb7 5. f4 e6 6. d3 d5 7. Nf3 Nf6 8. exd5 Nxd5 9. Ne4 Be7 10. 0-0 0-0 11. Re1 Nd7 12. a3 h6 13. Qe2 Rc8 14. a4 Qb6 15. Kh1 c4 16. axb5 cxd3 17. Qxd3 axb5 18. c3 Nc5 19. Nxc5 Bxc5 20. Bd2 Rfd8 21. Qe2 Nf6 22. Ne5 Bxg2+ 23. Qxg2 b4 24. cxb4 Bxb4 25. Bxb4 Qxb4 26. Nc6 Rxc6 27. Qxc6 Qxb2 28. Ra8 Rxa8 29. Qxa8+ Kh7 30. Qf3 Qc2 31. Rd1 g6 32. Qd3 Qc6+ 33. Kg1 Nd5 34. Rd2 h5 35. Qd4 Qc1+ 36. Kg2 Qe1 37. Rb2 Ne3+ 38. Kf3 Ng4 39. Rb8 Nxh2+ 40. Kg2 Qe2+ 41. Kh3 e5 42. Qxe5 Qxe5 43. fxe5 Nf3 44. Re8 Kg7 45. Kg2 Nd4 46. Rd8 Ne6 47. Rd7 g5 48. Kf3 Kg6 49. Rd6 Kf5 50. Rd7 g4+ 51. Ke3 Ng5 52. Re7 Kg6 53. Kf4 Ne6+ 54. Ke4 Ng7 55. Ra7 Nf5 56. Ra6+ Kg5 57. Rf6 Nxg3+ 58. Kd5 h4 59. Rxf7 h3 60. e6 h2 61. Rh7 Nh5 0-1

[Event "Titled Tuesday intern op 30th Aug Early"]
[Site "Chess.com INT"]
[Date "2022.08.30"]
[Round "11"]
[White "David, Bogdan Emanuel"]
[Black "Sovetbekova, Nurai"]
[Result "0-1"]
[WhiteElo "2106"]
[BlackElo "1912"]
[PlyCount "62"]
[EventDate "2022.08.30"]
[EventType "swiss (blitz)"]
[EventRounds "11"]
[EventCountry "USA"]
[SourceTitle "EXT 2023"]
[Source "ChessBase"]
[SourceDate "2022.10.05"]
[SourceVersion "1"]
[SourceVersionDate "2022.10.05"]
[SourceQuality "1"]

1. e4 c5 2. Nc3 d6 3. f4 g6 4. Nf3 Bg7 5. Bc4 e6 6. 0-0 Ne7 7. Qe1 Nbc6 8. d3 0-0 9. Qh4 d5 10. Bb3 Nd4 11. f5 exf5 12. Bg5 f6 13. Nxd5 Nxd5 14. Bxd5+ Be6 15. Nxd4 Bxd5 16. exd5 fxg5 17. Ne6 Qxd5 18. Qc4 Qxc4 19. dxc4 Rfe8 20. Nxc5 Bd4+ 21. Kh1 Bxc5 22. Rfd1 Rad8 23. Rxd8 Rxd8 24. b3 Rd2 25. c3 Rc2 26. g3 Rxc3 27. Rd1 Re3 28. Rd7 Re7 29. Rd5 b6 30. Kg2 Re2+ 31. Kf3 Rf2# 0-1

[Event "Balkan-ch U18"]
[Site "Tornelo INT"]
[Date "2020.11.01"]
[Round "5"]
[White "David, Bogdan Emanuel"]
[Black "Omorjan, Dejan"]
[Result "0-1"]
[WhiteElo "1909"]
[BlackElo "2057"]
[PlyCount "96"]
[EventDate "2020.10.31"]
[EventType "swiss"]
[EventRounds "7"]
[EventCountry "NET"]
[SourceTitle "EXT 2023"]
[Source "ChessBase"]
[SourceDate "2022.10.05"]
[SourceVersion "1"]
[SourceVersionDate "2022.10.05"]
[SourceQuality "1"]

1. e4 c6 2. d4 d5 3. Nc3 dxe4 4. Nxe4 Nf6 5. Nxf6+ exf6 6. c3 Bd6 7. Bd3 0-0 8. Qc2 Re8+ 9. Ne2 h5 10. h3 h4 11. Be3 Nd7 12. 0-0-0 Nf8 13. Rhg1 Bh2 14. Rgf1 Qd5 15. c4 Qxg2 16. Qd2 Bxh3 17. f4 Qxf1 18. Rxf1 Bxf1 19. Bf2 Bxe2 20. Bxe2 Bxf4 21. Qxf4 Rxe2 22. Qxh4 Rae8 23. Qg3 R8e4 24. a3 a5 25. a4 f5 26. b3 Ra2 27. d5 Ree2 28. Bd4 Rg2 29. Qf3 Rac2+ 30. Kb1 Rce2 31. Qf1 f4 32. Kc1 f3 33. d6 c5 34. Bxc5 f2 35. Qxe2 Rg1+ 36. Kd2 f1Q 37. Bxg1 Qxg1 38. Qe7 Qd4+ 39. Kc2 b6 40. Qc7 f5 41. b4 axb4 42. a5 bxa5 43. c5 a4 44. Qb6 b3+ 45. Kc1 f4 46. Qb5 f3 47. c6 Qxd6 48. Qc4+ Qe6 0-1

[Event "Balkan-ch U18"]
[Site "Tornelo INT"]
[Date "2020.10.31"]
[Round "1"]
[White "Gunduz, Umut Erdem"]
[Black "David, Bogdan Emanuel"]
[Result "0-1"]
[WhiteElo "2118"]
[BlackElo "1909"]
[PlyCount "84"]
[EventDate "2020.10.31"]
[EventType "swiss"]
[EventRounds "7"]
[EventCountry "NET"]
[SourceTitle "EXT 2023"]
[Source "ChessBase"]
[SourceDate "2022.10.05"]
[SourceVersion "1"]
[SourceVersionDate "2022.10.05"]
[SourceQuality "1"]

1. e4 c5 2. Nf3 Nc6 3. d4 cxd4 4. Nxd4 e5 5. Nb5 d6 6. N1c3 a6 7. Na3 b5 8. Nd5 Nge7 9. c4 Nxd5 10. Qxd5 Bd7 11. cxb5 Nd4 12. bxa6 Be7 13. Bd2 0-0 14. Bd3 Qb8 15. 0-0 Qxb2 16. Nc4 Qb5 17. Rab1 Qxd5 18. exd5 Bb5 19. Rxb5 Nxb5 20. Rb1 Nc7 21. Rb7 Nxd5 22. Be4 Nf6 23. Rxe7 Nxe4 24. a7 Nxd2 25. Nb6 g6 26. f3 Nb1 27. Kf2 Kg7 28. a4 Kf6 29. Rb7 Ke6 30. Ke3 Nc3 31. Kd3 Nd5 32. Nxa8 Rxa8 33. Kc4 Ne7 34. Kb5 d5 35. Ka6 Nc8 36. a5 d4 37. Rb6+ Kd5 38. Kb7 Rxa7+ 39. Kxc8 Rxa5 40. Rb7 d3 41. Rxf7 Kd4 42. Rxh7 d2 0-1

[Event "EU-ch Online U18"]
[Site "Tornelo INT"]
[Date "2020.09.20"]
[Round "9"]
[White "David, Bogdan Emanuel"]
[Black "Kistrup, Nicolai"]
[Result "0-1"]
[WhiteElo "2092"]
[BlackElo "2146"]
[PlyCount "94"]
[EventDate "2020.09.18"]
[EventType "swiss (rapid)"]
[EventRounds "9"]
[EventCountry "ENG"]
[SourceTitle "CBM 198 Extra"]
[Source "ChessBase"]
[SourceDate "2020.11.30"]
[SourceVersion "1"]
[SourceVersionDate "2020.11.30"]
[SourceQuality "1"]

1. e4 c5 2. Nc3 Nc6 3. Bb5 Nd4 4. Nf3 e6 5. 0-0 a6 6. Bd3 Nxf3+ 7. Qxf3 Ne7 8. Re1 Nc6 9. Qg3 Nb4 10. b3 b5 11. e5 Bb7 12. Ne4 c4 13. bxc4 bxc4 14. Bxc4 Nxc2 15. Rb1 Qc7 16. Qb3 Nxe1 17. Qxb7 Qxb7 18. Rxb7 Rc8 19. Kf1 f5 20. Kxe1 fxe4 21. Bxa6 Rxc1+ 22. Ke2 Rc8 23. Bb5 Rd8 24. a4 Bc5 25. a5 0-0 26. Bxd7 Rxf2+ 27. Ke1 Kf8 28. a6 Rf7 29. Bxe6 Rxb7 30. axb7 Ba7 31. Bf5 h6 32. Bxe4 Ke7 33. Bf5 Rd5 34. Bc8 Rxe5+ 35. Kd1 Kd6 36. d3 Kd5 37. Kd2 Kd4 38. g3 Rb5 39. Kc2 Bb8 40. Kd2 Rb2+ 41. Kc1 Rxh2 42. Bf5 Bxg3 43. Kd1 Kc3 44. Be4 Rd2+ 45. Kc1 Rc2+ 46. Kd1 Rd2+ 47. Kc1 Rxd3 0-1

[Event "EU-ch Online U18"]
[Site "Tornelo INT"]
[Date "2020.09.19"]
[Round "4"]
[White "David, Bogdan Emanuel"]
[Black "Stratis, Orestis"]
[Result "1-0"]
[WhiteElo "2092"]
[BlackElo "1506"]
[PlyCount "35"]
[EventDate "2020.09.18"]
[EventType "swiss (rapid)"]
[EventRounds "9"]
[EventCountry "ENG"]
[SourceTitle "CBM 198 Extra"]
[Source "ChessBase"]
[SourceDate "2020.11.30"]
[SourceVersion "1"]
[SourceVersionDate "2020.11.30"]
[SourceQuality "1"]

1. e4 e6 2. Qe2 c5 3. Nf3 Nc6 4. g3 Nge7 5. Bg2 g6 6. 0-0 Bg7 7. c3 Qb6 8. e5 Nf5 9. Na3 a6 10. g4 Nh6 11. Nc4 Qc7 12. Nd6+ Ke7 13. d4 cxd4 14. Nxd4 Nxd4 15. cxd4 f6 16. exf6+ Kxf6 17. Qe5+ Ke7 18. Qxg7+ 1-0

[Event "EU-ch Online U18"]
[Site "Tornelo INT"]
[Date "2020.09.18"]
[Round "1"]
[White "Sidorika, Vladislav"]
[Black "David, Bogdan Emanuel"]
[Result "1-0"]
[WhiteElo "2355"]
[BlackElo "2092"]
[PlyCount "115"]
[EventDate "2020.09.18"]
[EventType "swiss (rapid)"]
[EventRounds "9"]
[EventCountry "ENG"]
[SourceTitle "CBM 198 Extra"]
[Source "ChessBase"]
[SourceDate "2020.11.30"]
[SourceVersion "1"]
[SourceVersionDate "2020.11.30"]
[SourceQuality "1"]

1. c4 g6 2. g3 Bg7 3. Bg2 d6 4. Nc3 Nf6 5. Nf3 0-0 6. 0-0 c5 7. d4 Nc6 8. d5 Nb8 9. h3 a6 10. a4 e6 11. e4 exd5 12. cxd5 Re8 13. Re1 Nbd7 14. Bf4 Qb6 15. Qc2 Nh5 16. Be3 Ne5 17. Nd2 f5 18. f4 Nf7 19. Kh2 Nf6 20. Nc4 Qd8 21. e5 dxe5 22. fxe5 Nxe5 23. Nxe5 Rxe5 24. Bxc5 Nh5 25. Qf2 Qc7 26. Bf3 Bd7 27. Bxh5 gxh5 28. Bd4 Rxe1 29. Rxe1 Bxd4 30. Qxd4 Qd6 31. Qh4 Re8 32. Qg5+ Kh8 33. Rxe8+ Bxe8 34. Qxf5 h4 35. Ne4 hxg3+ 36. Kg2 Qe7 37. Qf6+ Qxf6 38. Nxf6 Bxa4 39. d6 Kg7 40. d7 Bxd7 41. Nxd7 Kf7 42. Nc5 Kf6 43. Nxb7 Ke5 44. Nc5 a5 45. Nb3 a4 46. Nc5 Kf4 47. Nxa4 h5 48. Nc3 h4 49. b4 Ke5 50. Ne2 Kd5 51. Nxg3 hxg3 52. h4 Kc4 53. h5 Kxb4 54. h6 Kc5 55. h7 Kd6 56. h8Q Ke6 57. Kxg3 Kf5 58. Qe8 1-0

[Event "ROM-chT div-A"]
[Site "Mamaia"]
[Date "2019.09.23"]
[Round "3.3"]
[White "David, Bogdan Emanuel"]
[Black "Andronescu, Madalin"]
[Result "0-1"]
[WhiteElo "2116"]
[BlackElo "2124"]
[PlyCount "86"]
[EventDate "2019.09.21"]
[EventType "team-tourn"]
[EventRounds "9"]
[EventCountry "ROU"]
[SourceTitle "EXT 2020"]
[Source "ChessBase"]
[SourceDate "2019.10.17"]
[SourceVersion "1"]
[SourceVersionDate "2019.10.17"]
[SourceQuality "1"]
[WhiteTeam "Ineu"]
[BlackTeam "Buzau Phoenix"]
[WhiteTeamCountry "ROU"]
[BlackTeamCountry "ROU"]

1. e4 c5 2. Nc3 Nc6 3. Nf3 g6 4. d4 cxd4 5. Nxd4 Bg7 6. Be3 Nf6 7. Bc4 0-0 8. Bb3 d6 9. h3 Qa5 10. 0-0 Bd7 11. Re1 Rac8 12. Nd5 Rfe8 13. Nxf6+ Bxf6 14. c3 Ne5 15. Qe2 b5 16. Rad1 Nc4 17. Bc1 Rc5 18. Kh1 Rec8 19. f4 Rh5 20. Qf3 b4 21. e5 dxe5 22. Qb7 Qc7 23. Qxc7 Rxc7 24. Nf3 Bg4 25. Rd8+ Kg7 26. Nxe5 Nxe5 27. fxe5 Bxe5 28. cxb4 Bg3 29. Rf1 Rf5 30. Rg1 Be2 31. Be3 Bc4 32. Bxc4 Rxc4 33. Rd3 Bf2 34. Bxf2 Rxf2 35. b3 Rxb4 36. Rd7 Rxa2 37. Rxe7 Rf4 38. Rd1 Rff2 39. Rdd7 a5 40. Ra7 h5 41. Reb7 h4 42. Rc7 Rf1+ 43. Kh2 Raa1 0-1

[Event "FRA-ch U16"]
[Site "Hyeres"]
[Date "2019.04.21"]
[Round "9"]
[White "David, Bogdan Emanuel"]
[Black "Bacrot, Alexandre"]
[Result "0-1"]
[WhiteElo "2206"]
[BlackElo "2241"]
[PlyCount "96"]
[EventDate "2019.04.14"]
[EventType "swiss"]
[EventRounds "9"]
[EventCountry "FRA"]
[SourceTitle "CBM 190 Extra"]
[Source "ChessBase"]
[SourceDate "2019.07.15"]
[SourceVersion "1"]
[SourceVersionDate "2019.07.15"]
[SourceQuality "1"]

1. e4 e5 2. Bc4 Nf6 3. d3 c6 4. Nf3 Be7 5. Nbd2 d6 6. Nf1 0-0 7. Bb3 Re8 8. Ng3 Bf8 9. 0-0 a5 10. c3 Nbd7 11. d4 h6 12. Re1 b5 13. a4 b4 14. cxb4 axb4 15. dxe5 dxe5 16. Qc2 Nc5 17. Bc4 Nb7 18. Nd2 Na5 19. Bf1 c5 20. Nb3 Nb7 21. Be3 Bd7 22. Nd2 Na5 23. Nc4 Nc6 24. b3 Ng4 25. h3 Nxe3 26. fxe3 g6 27. Rad1 Ra7 28. Be2 Qg5 29. Kh2 Be6 30. Bf3 Rc8 31. Rd3 Bxc4 32. Qxc4 Na5 33. Qb5 c4 34. bxc4 Nxc4 35. Rd5 Na3 36. Qb6 Qe7 37. Bg4 Rb7 38. Qa6 Rcc7 39. Be2 b3 40. Rb5 b2 41. Bd3 Nxb5 42. axb5 Rc1 43. Qa5 Ra7 44. Qd2 Rxe1 45. Qxe1 Ra1 46. Bb1 Qb4 47. Qd1 Qxb5 48. Ne2 Rxb1 0-1